Legendborn Trivia - Statistics

General Stats
  • This quiz has been taken 12 times
  • The average score is 14 of 30
Answer Stats
Hint Answer % Correct
Name of Sel's mother (first and last) Natasia Kane
88%
This Seneschal turns out to be the Shadow King Erebus Varelian
75%
This Squire turns out to be a goruchel in disguise Evan Cooper
75%
Bree's best friend Alice Chen
63%
Maiden name of Bree's mother (first and last) Faye Carter
63%
Nick is the Scion of Lancelot
63%
Do cats tend to like Sel? No
63%
Does Bree ever jump from the Quarry cliff? Yes
63%
A child born with any amount of demon blood is known as a cambion
50%
Bree is the Scion of Arthur
50%
Bree's full name Briana Irene Matthews
50%
What does cariad mean, according to Bree? darling / sweetheart / beloved
50%
Sel can shapeshift into a giant: owl
50%
Mother of the above Pearl
50%
Sel's full name Selwyn Emrys Kane
50%
Tor is the Scion of Tristan
50%
The 'balanced' proprietor of the Crossroads Lounge Valechaz
50%
Which meaning of cariad did Sel intend? All of them
38%
The demons Sel conjures for the second Trial hellboar(s)
38%
The first demon Bree encounters post-Quarry hellhound / ci uffern
38%
Sel's birthday, according to Tracy Deonn June 19 / Juneteenth
38%
Sel's 'passcode' on the Liege line when speaking to Gillian Kane, southpaw, horizon
38%
Felicity is the Scion of Lamorak
38%
Bree's birthday, according to Tracy Deon November 1
38%
William's healing incantations are called Swyns
38%
The most mentioned symptom of demonia is Eyes darkening to red
25%
Patricia's deceased sister Ruth
25%
Name one Squire-Scion couple as of the START of Legendborn Sar(ah) & Tor / Felicity and Russ
25%
The Order term for a hellsnake (Welsh name) Sarff uffern
25%
What does Bree inform Sel about his mother at the end of Legendborn? She could still be alive
13%
No matching quizzes found
Score Distribution
Percent of People with Each Score
Percentile by Number Answered
Your Score History
You have not taken this quiz